| 000 | 01245cam a22003737a 4500 | ||
|---|---|---|---|
| 001 | 000011368 | ||
| 003 | CHAP | ||
| 005 | 20220920205751.0 | ||
| 008 | 120810s2011 mx r 00010 esp d | ||
| 010 | _a11006 | ||
| 011 | _a11978 | ||
| 020 | _a9786071705938 | ||
| 035 | _a13506 | ||
| 040 | _cCHAP | ||
| 100 | 0 | 0 |
_aRodríguez Fuentes, Humberto. _998492 |
| 245 | 1 | 0 |
_aMétodos de análisis de suelos y plantas : _b: criterios de interpretación. |
| 250 | _a2 ed. | ||
| 260 |
_aMéxico : _bTrillas, _c2011. |
||
| 300 | _a239 p. | ||
| 590 |
_aBATCH-UPD _b10 _c20130110 |
||
| 590 |
_aBATCH-UPD _b10 _c20130110 |
||
| 590 |
_aBATCH-UPD _b10 _c20130409 |
||
| 590 |
_aBATCH-UPD _b10 _c20130410 |
||
| 590 |
_aBATCH-UPD _b10 _c20130914 |
||
| 590 |
_aBCCATJO _b10 _c20130517 |
||
| 590 |
_aCONVERSION _b10 _c20130109 |
||
| 650 | 0 | 4 |
_aPlantas _xAnálisis químico. _988792 |
| 650 | 0 | 4 |
_aSuelos _xAnálisis. _9110204 |
| 700 | 0 |
_aRodríguez Absi, José. _998259 |
|
| 901 | _aBK | ||
| 942 |
_cLIBRO _2ddc |
||
| 942 |
_n0 _2ddc |
||
| 949 |
_a631.41 R6 2011 _bBC _cLIBRO _d00000000000010 _eLIBRO _gSustituciØn _h47822 Sust. _i13506 _meste ejemplar sustituye a la copia 2 del bib. 68099 con el título El ensalitramiento de los suelos/ Everardo Aceves Navarro _sb |
||
| 999 |
_c11006 _d11006 |
||